| 000 | 00920nam a22002897a 4500 | ||
|---|---|---|---|
| 001 | 5050 | ||
| 003 | FISKH | ||
| 005 | 20250828111202.0 | ||
| 008 | 241104b cb ||||| |||| 00| 0 eng d | ||
| 020 | _a9780448450759 | ||
| 040 |
_aFISKH _beng _cFISKH _dFISKH |
||
| 050 | _aPZ7.A67468 | ||
| 082 | _a823.92 | ||
| 100 | _aArcher, Mandy | ||
| 245 |
_aHello, we must be going / _cBy Mandy Archer Based on the teleplay by Tom Ruegger |
||
| 250 | _a2008 | ||
| 260 |
_aNew York : _bGrosset&Dunlap, _c2008. |
||
| 300 |
_a24 pages : _bcolor illustrations ; _c21 cm |
||
| 505 | _aG | ||
| 520 | _aOne of two storybooks following the first adventures of Alex and Zoe in the magical world of Animalia. Visit graemebase.com Visit Animalia on Facebook | ||
| 521 | 8 |
_a380
_bLexile |
|
| 521 | 8 |
_aG
_bRaz-Plus |
|
| 650 | _2North Ward | ||
| 650 | _2Based on a Television Series | ||
| 942 |
_2ddc _cBK _n0 |
||
| 999 |
_c5050 _d5050 |
||